000 00432nam a2200181Ia 4500
001 22967
005 20260414150906.0
008 260414t2002||||xx |||||||||||||| ||spa||
041 _aESP
082 _a624.171
_bL37
100 _aLeet, Kenneth M.
_eAUT
245 0 _aFundamentos de análisis estructural
_b
260 _c2002
300 _a756 páginas :
_c25 cm.
650 _a0
654 _aCIC
942 _cLIB
_dJUS
_fJUS
_2ddc
_n
999 _c22967
_d22967